| 000 | 01312cad a22002055a 4500 | ||
|---|---|---|---|
| 001 | L141509 | ||
| 008 | 071128s2007 xxko f 000 0 eng d | ||
| 035 | _a(Sirsi) u141509 | ||
| 041 | 0 | _aeng | |
| 050 | 0 | 4 | _a690.241 $2 18 |
| 110 | 2 |
_aEnglish Heritage _92714 |
|
| 245 | 0 | 0 |
_aHeritage counts 2007 _bEngland _h[electronic resource] |
| 260 |
_a[S.l.] _bEnglish Heritage _c2007 |
||
| 520 | _a The sixth annual survey of the state of England's historic environment charts the key changes which have occurred since 2002. Generally the situation has improved, with a slight increase in the number of listed buildings, scheduled monuments and historic parks and gardens. In addition, the proportion of Grade I and II buildings at risk dropped from 3.8% in 1999 to 3.2% in 2007. Challenges facing the sector include dealing with the most intractable buildings at risk, increasing access to the historic environment, delivering heritage protection reform, and managing decreasing resources. Includes nine separate reports for the English regions. | ||
| 590 | _aKA | ||
| 651 | 4 |
_aEngland _y886- |
|
| 690 | _aBUILT ENVIRONMENT-BUILDING TYPES-HISTORIC BUILDINGS AND ANCIENT MONUMENTS | ||
| 856 | 4 | 0 |
_uhttps://www.english-heritage.org.uk/hc/ _zView the reports free of charge at www.english-heritage.org.uk... |
| 942 | _n0 | ||
| 999 |
_c107689 _d107689 |
||